00364nam a22001337a 4500020001400000040000900014082001700023100002300040110002000063245004500083250001600128260004100144650004500185 a997151401 cNust a621.815bJUV aRobert C. Juvinall aKurt M. Marshek aFundamentals of Machine Component Design a3ed Edition aNew Delhi:bJohn Wiley India,c2002. aFundamentals of Machine Component Design